40 soruda yeni Büyükşehir Belediye Yasası/ (Record no. 5610)

MARC details
000 -BAŞLIK
Sabit Uzunlukta Kontrol Alanı 01012na a2200289 4500
999 ## - SİSTEM KONTROL NUMARALARI (KOHA)
Koha Biblionumber 5610
Koha Biblioitemnumber 5610
001 - KONTROL NUMARASI
Denetim Alanı 21420
003 - KONTROL NUMARASI IDENTIFIER
Denetim Alanı MIRAKIL
005 - SON İŞLEM TARİHİ VE ZAMANI
Denetim Alanı 20210129160241.0
008 - SABİT-BOY VERİ ELEMANLARI - GENEL BİLGİLER
Sabit Uzunlukta Kontrol Alanı 170204b tu 000 0
035 ## - SİSTEM KONTROL NUMARASI
Sistem Kontrol Numarası 17005
040 ## - KATALOGLAMA KAYNAK
Orijinal Kataloglama Ajansı Milas
Kataloglama Dili tur
Metne Dönüştürmek Ajansı TR-AnCHP
041 ## - DİL KODU
Metin / Ses Parça Veya Ayrı Başlığın Dil Kodu tur
082 ## - DEWEY ONLU SINIFLANDIRMA NUMARASI
Sınıflandırma Numarası CHP 342.06082
Ürün Numarası K46 2013
090 ## - SINIFLAMA NUMARASI
Sınıflama Numarası BROŞÜR 302
245 ## - BAŞLIK TABLOSU
Başlık 40 soruda yeni Büyükşehir Belediye Yasası/
Sorumluluk Tablosu, Vb [derleyen] CHP Yerel Yönetimler Başkanlığı.
260 ## - YAYIN, DAĞITIM, VB
Yayın, Dağıtım, Vb Yeri Ankara:
Yayıncı, Dağıtıcı, Vs Adı CHP Yerel Yönetimler Başkanlığı,
Yayın, Dağıtım, Vb Tarihi 2013.
300 ## - FİZİKSEL TANIM
Kapsam 81 s.:
Diğer Fiziksel Ayrıntıları rnk. res.; tbl.,
Boyutlar 20 sm.
440 ## - SERİSİ TABLOSU / KATMA GİRİŞİ - BAŞLIK
Başlık CHP Yerel Yönetimler yayınları
650 ## - KONU KATMA GİRİŞ - TOPİKAL DÖNEM
Topikal Süreli Veya Coğrafi Ad Giriş Elemanı Yerel yönetimler
Genel Alt Bölümü Hukuk ve mevzuat
Coğrafi Alt Bölümü Türkiye
650 ## - KONU KATMA GİRİŞ - TOPİKAL DÖNEM
Topikal Süreli Veya Coğrafi Ad Giriş Elemanı Belediyeler
Genel Alt Bölümü Hukuk ve mevzuat
Coğrafi Alt Bölümü Türkiye
710 ## - KATMA GİRİŞ - KURUMSAL ADI
Giriş Elemanı Olarak Kurumsal Ad Veya Yargı Alanı Adı Cumhuriyet Halk Partisi (CHP)
Alt Birim Yerel Yönetimler Başkanlığı
942 ## - EKLENDİ GİRİŞ ELEMANLARI (KOHA)
Sınıflandırma Veya Raf Düzeni Kaynak Dewey Decimal Classification
Koha Öğesi Türü Visual Material
999 ## - SİSTEM KONTROL NUMARALARI (KOHA)
Koha Biblioitemnumber 5610
999 ## - SİSTEM KONTROL NUMARALARI (KOHA)
Koha Biblioitemnumber 5610
Holdings
Kullanım Kısıtlamaları Kalıcı Konum Mevcut Konum Edinme Tarihi Edinim Kaynak Kodlu Konum Eleme Toplam Check-Out'Lar Tam Çağrı Numarası Barkod Tarih Son Görülme Kopya Sayısı İtibaren Geçerli Fiyatlar Koha Öğesi Türü
Kütüphane dışına çıkarılamaz CHP Kütüphanesi CHP Kütüphanesi 02/04/2017 Bağış BROŞÜRLER   BROŞÜR 302 013405 02/04/2017 k.10 02/04/2017 Visual Material